Statistiques concernant Pays frontaliers de l'Union Européenne

Cliquez ici pour prendre le quiz!

Statistiques générales

  • Ce quiz a été pris 71 fois
    (24 depuis la dernière actualisation)
  • Le résultat moyen est 15 sur 20

Statistiques - réponses

Pays frontaliers de l'UE % Correct
13Russie
100%
18Turquie
95%
19Ukraine
82%
9Moldavie
82%
12Norvège
82%
3Biélorussie
82%
8Maroc (Ceuta et Melilla)
77%
16Suisse
77%
15Serbie
77%
10Monaco
73%
4Bosnie-Herzégovine
68%
14Saint-Marin
68%
11Monténégro
68%
1Albanie
68%
7Macédoine
68%
2Andorre
64%
5Brésil (Guyane française)
64%
19Vatican
64%
17Suriname (Guyane française)
59%
6Liechtenstein
55%

Distribution des résultats

Percentile by Number Answered

% des personnes avec chaque résultat

Votre développement - résultats

Vous n’avez pas pris ce quiz depuis la dernière actualisation